[Event "VL-2022/23"]
[Site "MVP"]
[Date "2023.05.07"]
[Round "9.5"]
[White "Fleischer, Matthias"]
[Black "Hoerhold, Martin"]
[Result "1-0"]
[WhiteElo "1849"]
[BlackElo "1852"]
[PlyCount "92"]
[EventDate "2022.??.??"]
[EventType "team-tourn"]
[EventRounds "9"]
[EventCountry "GER"]
[WhiteTeam "SF Schwerin II"]
[BlackTeam "SG Neubrandenburg"]
[WhiteTeamCountry "GER"]
[BlackTeamCountry "GER"]

1. d4 Nf6 2. Nf3 e6 3. Bg5 Be7 4. e3 d5 5. Bxf6 Bxf6 6. Bd3 c5 7. c3 b6 8. Nbd2 O-O 9. h4 Re8 10. Bxh7+ Kxh7 11. Ng5+ Kg8 12. Qh5 Bxg5 13. hxg5 Kf8 14. Qh8+ Ke7 15. Qxg7 Rg8 16. Qf6+ Ke8 17. Rh8 Rxh8 18. Qxh8+ Kd7 19. Qg7 Qe7 20. dxc5 bxc5 21. Nf3 Nc6 22. O-O-O Kc7 23. Ne5 Nxe5 24. Qxe5+ Qd6 25. Qg7 Qd7 26. Qf8 Kb6 27. b4 cxb4 28. Qxb4+ Kc7 29. Qa5+ Kb8 30. Rh1 a6 31. Rh7 Qb5 32. Qxb5+ axb5 33. Rxf7 Ra6 34. Rf6 e5 35. Rxa6 Bxa6 36. f4 Bc8 37. Kd2 e4 38. Ke2 Kc7 39. a3 Kd6 40. Kf2 Ke7 41. Kg3 Kf7 42. Kh4 Kg6 43. g4 Bd7 44. f5+ Kh7 45. Kh5 Be8+ 46. g6+ Kg7 1-0

[Event "VL-2022/23"]
[Site "MVP"]
[Date "2023.05.07"]
[Round "9.6"]
[White "Baier, Karsten"]
[Black "Rabinowitsch, Juri"]
[Result "1-0"]
[WhiteElo "1984"]
[BlackElo "1910"]
[PlyCount "117"]
[EventDate "2022.??.??"]
[EventType "team-tourn"]
[EventRounds "9"]
[EventCountry "GER"]
[WhiteTeam "SG Neubrandenburg"]
[BlackTeam "SF Schwerin II"]
[WhiteTeamCountry "GER"]
[BlackTeamCountry "GER"]

1. d4 Nf6 2. c4 d6 3. Nc3 g6 4. e4 Bg7 5. f4 O-O 6. Bd3 c5 7. d5 Ne8 8. Nf3 Bg4 9. Be3 Nd7 10. O-O e5 11. f5 Ndf6 12. h3 Bxf3 13. Qxf3 h6 14. fxg6 fxg6 15. Qg3 Kh7 16. Rf3 Nh5 17. Qf2 Rxf3 18. Qxf3 Qf6 19. Rf1 Qxf3 20. Rxf3 Nhf6 21. g4 Kg8 22. Be2 a6 23. a3 Nc7 24. Bxh6 Nxe4 25. Nxe4 Bxh6 26. Nxd6 b6 27. Bd3 Rf8 28. Rxf8+ Bxf8 29. Nc8 b5 30. d6 Ne6 31. cxb5 axb5 32. Bxb5 Nd8 33. Bc4+ Kg7 34. Bd5 Kf6 35. Kf2 Bh6 36. a4 Bd2 37. Kf3 Ba5 38. Ke4 g5 39. b3 Bc3 40. Kd3 Bb4 41. Kc4 Ne6 42. d7 Ba5 43. Kb5 Bd8 44. Be4 Nd4+ 45. Kc4 Ke6 46. Kxc5 Kxd7 47. Nb6+ Kc7 48. Nd5+ Kd7 49. b4 Nb3+ 50. Kb5 Nd2 51. Bf5+ Kd6 52. Nb6 Nf3 53. Be4 Nd4+ 54. Ka6 Kc7 55. Nc4 Bf6 56. b5 Nb3 57. Ka7 Nc5 58. b6+ Kd7 59. b7 1-0

[Event "VL-2022/23"]
[Site "MVP"]
[Date "2023.05.07"]
[Round "9.7"]
[White "Schmidt, Arne"]
[Black "Meyer, Detlef"]
[Result "1-0"]
[WhiteElo "1738"]
[BlackElo "1986"]
[PlyCount "119"]
[EventDate "2022.??.??"]
[EventType "team-tourn"]
[EventRounds "9"]
[EventCountry "GER"]
[WhiteTeam "SF Schwerin II"]
[BlackTeam "SG Neubrandenburg"]
[WhiteTeamCountry "GER"]
[BlackTeamCountry "GER"]

1. Nf3 c5 2. g3 Nc6 3. Bg2 Nf6 4. O-O d5 5. d4 cxd4 6. Nxd4 Bd7 7. c4 e5 8. Nxc6 Bxc6 9. Bg5 d4 10. Bxc6+ bxc6 11. Qa4 Qd6 12. Bxf6 Qxf6 13. Nd2 Be7 14. c5 O-O 15. Qc4 h5 16. b4 Rab8 17. Rfb1 h4 18. Rb3 Qe6 19. Qxe6 fxe6 20. Ne4 hxg3 21. hxg3 Rf5 22. Rab1 a6 23. Kf1 Kf7 24. Ke1 Ke8 25. Kd2 Kd7 26. Kd3 g5 27. g4 Rf4 28. f3 Rff8 29. Ra3 Ra8 30. Rab3 Kc7 31. Rh1 Rh8 32. Rbb1 Rh4 33. a4 Rah8 34. Nf2 Rh2 35. Rxh2 Rxh2 36. Ne4 Rh8 37. Kc4 Rh2 38. Kd3 Rh8 39. Ng3 Rb8 40. Kc4 a5 41. b5 d3 42. b6+ Kb7 43. Rd1 Rf8 44. Rxd3 Rf4+ 45. Ne4 Kc8 46. b7+ Kb8 47. Rd7 Bf8 48. Kd3 Ka7 49. Rc7 Kb8 50. Rxc6 Kxb7 51. Rxe6 Rf7 52. Rxe5 Rd7+ 53. Kc4 Bg7 54. Rd5 Re7 55. Nxg5 Bb2 56. Ne4 Ba3 57. g5 Kc6 58. Rd6+ Kc7 59. g6 Bb2 60. Ra6 1-0

[Event "VL-2022/23"]
[Site "MVP"]
[Date "2023.05.07"]
[Round "9.3"]
[White "Nour, Alaa"]
[Black "Schmidt, Paul"]
[Result "1-0"]
[WhiteElo "1774"]
[BlackElo "1844"]
[PlyCount "49"]
[EventDate "2022.??.??"]
[EventType "team-tourn"]
[EventRounds "9"]
[EventCountry "GER"]
[WhiteTeam "SSC Rostock"]
[BlackTeam "SAV Torgelow II"]
[WhiteTeamCountry "GER"]
[BlackTeamCountry "GER"]

{[%evp 0,49,30,32,47,48,66,48,42,33,28,32,60,30,23,43,33,33,33,44,37,18,31,-2,-6,-37,-6,-38,-32,-36,-32,-88,-59,-81,-29,-22,-15,-30,-24,-45,18,-29,36,-57,-74,-70,-70,-68,-46,-60,742,757]} 1. e4 c5 2. Nf3 d6 3. d4 cxd4 4. Nxd4 Nf6 5. Nc3 a6 6. Be2 e5 7. Nb3 Be7 8. Be3 Be6 9. O-O O-O 10. Nd5 Nbd7 11. Nxe7+ Qxe7 12. Bg5 Rac8 13. Nd2 d5 14. exd5 Bxd5 15. Bd3 h6 16. Bh4 Qb4 17. c4 Be6 18. b3 Rfd8 19. a3 Qd6 20. Ne4 Qd4 21. Bxf6 Nxf6 22. Nxf6+ gxf6 23. Bc2 Qc3 24. Qc1 Rd2 25. Bh7+ 1-0

[Event "VL-2022/23"]
[Site "MVP"]
[Date "2023.05.07"]
[Round "9.4"]
[White "Troemer, Felix"]
[Black "Walz, Fabian"]
[Result "1/2-1/2"]
[WhiteElo "1753"]
[BlackElo "1342"]
[PlyCount "71"]
[EventDate "2022.??.??"]
[EventType "team-tourn"]
[EventRounds "9"]
[EventCountry "GER"]
[WhiteTeam "SAV Torgelow II"]
[BlackTeam "SSC Rostock"]
[WhiteTeamCountry "GER"]
[BlackTeamCountry "GER"]

1. e4 c6 2. d4 d5 3. e5 Bf5 4. Bd3 Bxd3 5. Qxd3 e6 6. Nf3 a6 7. O-O c5 8. b3 Nc6 9. Bb2 cxd4 10. Bxd4 Rc8 11. c3 Nge7 12. b4 Nxd4 13. Nxd4 g6 14. a4 Qc7 15. f4 Nf5 16. Nxf5 gxf5 17. Rf3 Qb6+ 18. Kh1 d4 19. a5 Qd8 20. b5 dxc3 21. Nxc3 Qxd3 22. Rxd3 Bb4 23. bxa6 bxa6 24. Ne2 Ke7 25. Rb3 Rc4 26. Rab1 Bxa5 27. Ra1 Rhc8 28. Rb7+ R8c7 29. Rxc7+ Bxc7 30. Rxa6 f6 31. exf6+ Kxf6 32. g3 Bd8 33. Kg2 Be7 34. Kf3 h5 35. Rb6 Ra4 36. Rc6 1/2-1/2

[Event "VL-2022/23"]
[Site "MVP"]
[Date "2023.05.07"]
[Round "9.8"]
[White "Schmekel, Matthias"]
[Black "Wurst, Oliver"]
[Result "1-0"]
[WhiteElo "1938"]
[BlackElo "1631"]
[PlyCount "107"]
[EventDate "2022.??.??"]
[EventType "team-tourn"]
[EventRounds "9"]
[EventCountry "GER"]
[WhiteTeam "SAV Torgelow II"]
[BlackTeam "SSC Rostock"]
[WhiteTeamCountry "GER"]
[BlackTeamCountry "GER"]

{[%evp 0,107,44,44,51,53,51,17,41,30,30,30,23,22,11,7,50,-9,-9,-40,11,-4,-9,-9,-11,-29,-21,-67,-59,-76,-76,-76,-66,-80,-74,-118,-137,-137,-71,-75,-28,-40,-38,-38,-43,-43,-43,-40,-43,-40,-26,-27,-15,-32,18,18,18,6,5,12,101,99,100,96,104,110,106,106,100,89,109,107,109,110,110,110,126,126,126,126,126,126,126,126,126,126,126,126,126,126,126,126,134,113,121,135,143,135,135,135,199,197,328,339,337,363,519,562,606,613]} 1. e4 c5 2. Nf3 e6 3. c3 Nc6 4. d4 cxd4 5. cxd4 d5 6. e5 Nge7 7. Nc3 Qb6 8. Bb5 Bd7 9. Ba4 a6 10. O-O Nf5 11. Bxc6 Bxc6 12. a3 Be7 13. b4 O-O 14. Rb1 Rfc8 15. Bf4 Be8 16. Qd2 Rc4 17. Rfd1 Rac8 18. Rbc1 Qc7 19. Ne2 b5 20. g4 Nh4 21. Nxh4 Bxh4 22. Bg5 Bxg5 23. Qxg5 h6 24. Qe3 Qe7 25. h3 R8c6 26. Nf4 Qc7 27. Nd3 Rc3 {(=)} 28. Rxc3 Rxc3 29. Rc1 Qc4 30. Rxc3 Qxc3 31. Nc5 Qxe3 32. fxe3 Kf8 33. Nxa6 Ke7 34. Kf2 Bc6 35. Kg3 Bb7 36. Nc5 Bc6 37. h4 g6 38. g5 hxg5 39. hxg5 Kd8 40. Kf4 Ke7 41. Kf3 Kd8 42. Ke2 Kc7 43. Kd2 Kd8 44. Kc3 Kc7 45. Kb3 Kb6 46. a4 bxa4+ 47. Nxa4+ Kc7 48. Nc3 Kb6 49. Kc2 Bd7 50. e4 Bc6 51. exd5 exd5 52. Kb3 Kc7 53. b5 Bb7 54. Kb4 1-0

[Event "VL-2022/23"]
[Site "MVP"]
[Date "2023.05.07"]
[Round "9.1"]
[White "Kist, Eike Andreas"]
[Black "Schreiber, Felix"]
[Result "1-0"]
[WhiteElo "1763"]
[BlackElo "1954"]
[PlyCount "51"]
[EventDate "2022.??.??"]
[EventType "team-tourn"]
[EventRounds "9"]
[EventCountry "GER"]
[WhiteTeam "Think Rochade"]
[BlackTeam "Mecklenburger Springer"]
[WhiteTeamCountry "GER"]
[BlackTeamCountry "GER"]

1. e4 c5 2. Nf3 d6 3. d4 cxd4 4. Nxd4 Nf6 5. Nc3 a6 6. Be3 e5 7. Nb3 Be6 8. f3 Be7 9. Qd2 O-O 10. O-O-O a5 11. a4 Na6 12. g4 Nb4 13. Kb1 Rc8 14. g5 Ne8 15. f4 exf4 16. Bxf4 d5 17. exd5 Bf5 18. Nd4 Bg6 19. h4 Nxd5 20. Nxd5 Qxd5 21. Bg2 Qc5 22. h5 Bf5 23. Nxf5 Qxf5 24. Bh3 Qc5 25. Bxc8 Qxc8 26. Qd7 1-0

[Event "VL-2022/23"]
[Site "MVP"]
[Date "2023.05.07"]
[Round "9.2"]
[White "Schreiber, Nico"]
[Black "Busch, Martin"]
[Result "0-1"]
[WhiteElo "1831"]
[BlackElo "2117"]
[PlyCount "90"]
[EventDate "2022.??.??"]
[EventType "team-tourn"]
[EventRounds "9"]
[EventCountry "GER"]
[WhiteTeam "Mecklenburger Springer"]
[BlackTeam "Think Rochade"]
[WhiteTeamCountry "GER"]
[BlackTeamCountry "GER"]

1. d4 Nf6 2. Bf4 d5 3. e3 e6 4. Nd2 Bd6 5. Bg3 O-O 6. Bd3 c5 7. c3 Qc7 8. Ngf3 Nbd7 9. Bxd6 Qxd6 10. O-O b6 11. Rc1 Bb7 12. Ne1 e5 13. Nc2 Rfe8 14. Re1 Re7 15. Nf1 Rae8 16. Ng3 g6 17. Be2 Nf8 18. Bb5 Rd8 19. Qd2 h5 20. f3 Kg7 21. Qf2 Ne6 22. Rcd1 h4 23. Nf1 h3 24. Ng3 Rh8 25. Bf1 cxd4 26. cxd4 e4 27. Be2 Rc8 28. Rd2 hxg2 29. Qxg2 Kf8 30. Qh3 Rec7 31. Na3 Qb4 32. Nf1 exf3 33. Bxf3 Ba6 34. Be2 Bxe2 35. Rdxe2 Ne4 36. Ng3 Rc1 37. Rxc1 Rxc1+ 38. Kg2 Qa4 39. Nxe4 dxe4 40. Qh8+ Ke7 41. Qh4+ g5 42. Qxe4 Qd1 43. Qb7+ Kf8 44. Qa6 Qh1+ 45. Kf2 Rf1+ 0-1

[Event "VL-2022/23"]
[Site "MVP"]
[Date "2023.05.07"]
[Round "9.3"]
[White "Celmer, Ole"]
[Black "Hopp, Peter"]
[Result "1/2-1/2"]
[WhiteElo "1930"]
[BlackElo "1831"]
[PlyCount "80"]
[EventDate "2022.??.??"]
[EventType "team-tourn"]
[EventRounds "9"]
[EventCountry "GER"]
[WhiteTeam "Think Rochade"]
[BlackTeam "Mecklenburger Springer"]
[WhiteTeamCountry "GER"]
[BlackTeamCountry "GER"]

1. e4 d5 2. exd5 Qxd5 3. Nc3 Qa5 4. d4 c6 5. Bc4 Bf5 6. Bd2 Nf6 7. Nd5 Qd8 8. Nxf6+ gxf6 9. Ne2 Nd7 10. Nf4 Bg7 11. Qh5 Bg6 12. Nxg6 hxg6 13. Qe2 Nb6 14. Be3 Nxc4 15. Qxc4 Qd5 16. Qxd5 cxd5 17. O-O-O e6 18. Rd3 Ke7 19. Rb3 b6 20. Kd2 Bh6 21. Bxh6 Rxh6 22. a4 Kd7 23. h3 Rhh8 24. a5 Kc7 25. Ra1 Rhb8 26. Rc3+ Kd7 27. Rca3 bxa5 28. b3 Rb6 29. Rxa5 a6 30. R1a4 Kc6 31. Rc5+ Kb7 32. b4 Rh8 33. Ke3 g5 34. c3 Rh4 35. Ra2 g4 36. hxg4 Rxg4 37. f3 Rg7 38. g4 Rh7 39. Kf4 Rh3 40. Ke3 Rh7 1/2-1/2

[Event "VL-2022/23"]
[Site "MVP"]
[Date "2023.05.07"]
[Round "9.4"]
[White "Wulff, Jens-Peter"]
[Black "Gazizov, Max"]
[Result "1-0"]
[WhiteElo "1727"]
[BlackElo "1689"]
[PlyCount "63"]
[EventDate "2022.??.??"]
[EventType "team-tourn"]
[EventRounds "9"]
[EventCountry "GER"]
[WhiteTeam "Mecklenburger Springer"]
[BlackTeam "Think Rochade"]
[WhiteTeamCountry "GER"]
[BlackTeamCountry "GER"]

1. e4 c5 2. b3 Nc6 3. Bb2 e6 4. g3 Qc7 5. Bg2 Nf6 6. Ne2 Be7 7. O-O O-O 8. d4 cxd4 9. Nxd4 d6 10. Na3 a6 11. Nc4 Ne5 12. Ne3 h5 13. h3 Rd8 14. Qe2 Ned7 15. f4 Ra7 16. g4 hxg4 17. hxg4 d5 18. exd5 Nf8 19. c4 Bd6 20. g5 N6h7 21. Qf3 Ng6 22. Ne2 e5 23. f5 Nf4 24. Nxf4 exf4 25. g6 Ng5 26. gxf7+ Qxf7 27. Qg4 fxe3 28. Qxg5 Bc5 29. Qxd8+ Qf8 30. Qxf8+ Kxf8 31. Rf4 e2+ 32. Bd4 1-0